000 00332pam a2200157a 44500
008 230515b2002 xxu||||| |||| 00| 0 eng d
020 _aNULL
041 _aENGLISH
082 _a630
100 _aVERMA U S
245 _aMACHINE DRAWING
250 _a0
260 _aPUNE
_bDHANPAT RAI
_c2002
300 _a164
650 _aNULL
999 _c651184
_d651184